|
|
|
|
| LEADER |
01640nam a2200349 a 4500 |
| 001 |
21232 |
| 003 |
BD-DhAAL |
| 005 |
20211108125923.0 |
| 008 |
101004r20091998maua 001 0 eng d |
| 999 |
|
|
|c 9646
|d 9646
|
| 010 |
|
|
|a 97002147
|
| 020 |
|
|
|a 0201896834 (v. 1 : acid-free paper)
|
| 020 |
|
|
|a 9780201896831
|
| 040 |
|
|
|a DLC
|c DLC
|d DLC
|d BD-DhAAL
|
| 082 |
0 |
0 |
|a 005.1
|2 21
|
| 100 |
1 |
|
|a Knuth, Donald Ervin,
|d 1938-
|9 40643
|
| 245 |
1 |
4 |
|a The art of computer programming,
|n Volume 1 :
|b Fundamental algorithms /
|c Donald E. Knuth
|
| 250 |
|
|
|a Third edition
|
| 260 |
|
|
|a Reading, Mass. :
|a New Delhi :
|b Addison-Wesley ;
|b Pearson Education,
|c c1997 [Reprinted 2009]
|
| 300 |
|
|
|a 670 pages,
|a xix, 652 pages :
|b illustrations ;
|c 24 cm.
|
| 362 |
|
|
|a Volume 1
|
| 500 |
|
|
|a Includes bibliographical references and index.
|
| 505 |
1 |
|
|a v. 1. Fundamental algorithms -- v. 2. Seminumerical algorithms -- v. 3. Sorting and searching.
|
| 526 |
|
|
|a CSE
|
| 541 |
1 |
|
|a Book Finder International
|e 21232, 37358
|
| 650 |
|
0 |
|a Computer programming.
|9 40644
|
| 650 |
|
0 |
|a Computer algorithms.
|9 40645
|
| 650 |
|
0 |
|a Computer science.
|9 42353
|
| 852 |
4 |
|
|a Ayesha Abed Library
|j General Stacks
|
| 942 |
|
|
|2 ddc
|c BK
|
| 952 |
|
|
|0 0
|1 0
|2 ddc
|4 0
|6 005_100000000000000_KNU_2009
|7 0
|9 12263
|a BRACUL
|b BRACUL
|c GEN
|d 2010-10-05
|g 523.95
|l 13
|m 165
|o 005.1 KNU
|p 3010021232
|r 2024-05-30
|s 2024-02-15
|t 1
|w 2010-10-05
|y BK
|
| 952 |
|
|
|0 0
|1 0
|2 ddc
|4 0
|6 005_100000000000000_KNU
|7 0
|9 68198
|a BRACUL
|b BRACUL
|c GEN
|d 2020-03-16
|e Book Finder International
|g 4860.25
|l 7
|m 60
|o 005.1 KNU
|p 3010037358
|q 2026-06-02
|r 2025-12-07
|s 2025-12-07
|t 2
|v 4860.25
|w 2020-03-16
|y BK
|x Received During Covid Situation
|